00250nam a22001097a 4500020001500000082001200015100002600027245003800053260002600091300000900117650001400126 a0070419833 a540 MIL aMiller,Francis Marion aChemistry: Structure and Dynamics aNew YorkbMcGraw-Hill a904p achemistry